000 00752nam a2200241 i 4500
001 C2-0216304
003 PPAK
005 20180728104953.0
008 990517s1990 my a|||| ||||| | eng d
020 _a9679973530
040 _aPPAK
_beng
_cPPAK
_erda
082 0 4 _a362.296091724
_2 23
090 0 0 _a362.296091724
_bCHA
_dKSA
100 1 _aChapman, Simon,
_eauthor
700 0 _aWong Wai Leng,
_eauthor
245 1 0 _aTobacco control in the third world :
_ba resource atlas
264 1 _aPulau Pinang :
_bInternational Organization of Consumers Unions ,
_c1990
300 _ax, 242 pages :
_billustrations, tables ;
_c24 cm
336 _2rdacontent
_atext
337 _2rdamedia
_aunmediated
338 _2rdacarrier
_avolume
942 _ddc
_cB
999 _c159959
_d159959